000 00480nam a2200157 4500
001 143548
003 ES-MaACL
005 20230906200838.0
007 t|
008 070214s1948 ag r ||||1| spa d
100 1 _aSerebrinsky, Bernardo.
_9105532
245 1 0 _aPsicodiagnóstico de Rorschach en los adolescentes /
_cBernardo Serebrinsky.
260 _aBuenos Aires :
_bLópez & Etchegoyen,
_c1948.
300 _a259 p. :
_bil. ;
_c23 cm.
852 _aES-MaACL
_jA-207
_bR.27114
999 _c143548
_d143548